Most Visited Art Museums in the World - Statistics

General Stats
  • This quiz has been taken 77 times
    66 since last reset
  • The average score is 6 of 13
Answer Stats
Thousands City Museum % Correct
7,300 Paris Louvre
95%
5,839 London Tate Museum
70%
6,262 London National Gallery
63%
3,668 Saint Petersburg State Hermitage Museum
63%
6,700 New York Metropolitan Museum of Art
62%
6,820 London British Museum
60%
6,002 Vatican Vatican Museum
57%
3,460 London Victoria and Albert Museum
23%
3,646 Madrid Reina Sofía
22%
4,104 Washington, D.C. National Gallery of Art
20%
6,142 Taipei National Palace Museum
15%
5,260 Berlin Pergamon Museum
15%
16,000 Beijing Palace Museum
8%
No matching quizzes found
Score Distribution
Percent of People with Each Score
Percentile by Number Answered
Your Score History
You have not taken this quiz since the last reset